Clara Oswald Listen Speech (Doctor Who) - Statistics

General Stats
  • This quiz has been taken 22 times
  • The average score is 96 of 179
Answer Stats
Answer % Correct
a
100%
A
100%
I
100%
Fear
92%
fear
92%
is
92%
you?
92%
you
92%
be
85%
can
77%
So
77%
so
77%
that
77%
to
77%
And
69%
and
69%
have
69%
make
69%
on
69%
the
69%
But
62%
going
62%
in
62%
know
62%
of
62%
This
62%
this
62%
this.
62%
afraid.
54%
afraid
54%
all.
54%
doesn't
54%
dream.
54%
hear
54%
It
54%
it.
54%
superpower.
54%
us
54%
you're
54%
You're
54%
Because
46%
being
46%
it's
46%
just
46%
Listen.
46%
listen.
46%
listen
46%
makes
46%
okay.
46%
okay
46%
strong,
46%
back
38%
dark.
38%
day,
38%
day
38%
faster.
38%
I'm
38%
like
38%
one
38%
stronger.
38%
that's
38%
very
38%
alright.
31%
barn
31%
come
31%
companion.
31%
companion,
31%
companions
31%
constant
31%
cowardly.
31%
dreams.
31%
gonna
31%
if
31%
If
31%
kind.
31%
or
31%
Or
31%
people
31%
please
31%
remember.
31%
tell
31%
there.
31%
there's
31%
wise,
31%
always
23%
as
23%
bed.
23%
clever
23%
cruel
23%
else,
23%
ever
23%
hide
23%
indeed.
23%
nothing
23%
something,
23%
anyone
15%
bring
15%
cleverer.
15%
didn't
15%
Even
15%
home.
15%
learn
15%
leave
15%
long
15%
matter
15%
together.
15%
under
15%
No matching quizzes found
Score Distribution
Percent of People with Each Score
Percentile by Number Answered
Your Score History
You have not taken this quiz